| 000 | 00997nam a2200241Ia 4500 | ||
|---|---|---|---|
| 001 | 18110 | ||
| 003 | GE_BSU | ||
| 008 | 181216s||||||||xx |||||||||||||| ||und|| | ||
| 020 | _aISSN 1987-6572 | ||
| 040 | _cGE_BSU | ||
| 080 | _a81'(063) | ||
| 245 | _aიბერიულ-კავკასიური ენათმეცნიერება. XXXVII | ||
| 245 | _cმთავ. რედ. ვ. შენგელია | ||
| 250 | _aარნოლდ ჩიქობავას ენათმეცნიერების ინ-ტი | ||
| 260 | _aთბილისი | ||
| 260 | _bარნოლდ ჩიქობავას ენათმეცნიერების ინ-ტი | ||
| 260 | _c2009 | ||
| 300 | _a343გვ.24სმ. | ||
| 520 | _aპარალ.სათ. რუს. და ინგ.ენ. | ||
| 541 | _h15ლ. | ||
| 653 | _aიბერიულ-კავკასიური ენათმეცნიერება. XXXVII | ||
| 942 | _cBK | ||
| 999 |
_c51152 _d51152 |
||